Fast Typing: Tetris Block Names - Statistics

General Stats
  • This quiz has been taken 237 times
    235 since last reset
  • The average score is 6 of 7
Answer Stats
Answer % Correct
T
92%
L
90%
I
88%
O
88%
S
87%
Z
78%
J
72%
No matching quizzes found
Score Distribution
Percent of People with Each Score
Percentile by Number Answered
Your Score History
You have not taken this quiz since the last reset